Письма издательской и антикварной фирмы "Ludwig Rosenthal's" - Мюнхен

RUSMARC
00005682cmc2a2200253 x 450
001a6766272-2114-438d-9532-8513ab1fa2f5
00520170228150605.0
100##$a20130731l19081913k y0rusy50 ca
1010#$ager
$afre
$aeng
102##$aRU
105##$ay z |||e|
2001#$aПисьма издательской и антикварной фирмы "Ludwig Rosenthal's" - Мюнхен
$j1908-1913
215##$a27 листов
$cмарки
251##$cДело
300##$aЧасть текста рукописная, часть - машинописная
300##$aНа немецком, французском и английском языках
461#0$10011c5950b4-9b17-43ad-92f1-e565a07ae223
$12001
$aНикольский Борис Владимирович, историк права, профессор Юрьевского и Петербургского университетов, один из руководителей главного совета "Русского собрания", поэт, критик
$1251
$cФонд
$1852
$j588
462#0$1001855f2cb0-80f8-42f6-88fa-41bf4837b2b7
$12001
$aНикольский Борис Владимирович. 1837-1919 гг.
$vД. 1542
$1251
$cОпись
$1852
$j1
801#0$aRU
$bGA_RF
801#1$aRU
$bНПО Опыт
$c20130731
$2rusmarc
801#2$aRU
$bПБ им. Б.Н. Ельцина
$c20130831
$gRCR
$2rusmarc
852##$aГА РФ
$j1542
937##$d31196283
$hПБ
035##$aRuPRLIB51010522
1222#$ad1908######
$ad1913######
600#1$2nlr_sh
$3RU\NLR\AUTH\6601585162
$aНикольский
$bБ. В.
$f1870 - 1919
$gБорис Владимирович
$jДокументы и материалы
605##$2acquisition_Prlib
$3DITM\AF\0000003834
$aНарод
$lколлекция
605##$aРоссия и страны мира
$lколлекция
$2acquisition_Prlib
$3DITM\AF\0000004461
605##$aРоссия - Германия: из истории взаимоотношений
$lколлекция
$2acquisition_Prlib
$3LIBNET\UAF\0000060593
607##$2prlib_sh
$3DITM\AF\0000005692
$aРоссия
$jДокументы и материалы
$xКультурные связи
$yГермания
$z1-я треть 20 в.
607##$aГермания
$jДокументы и материалы
$xКультурные связи
$yРоссия
$z1-я треть 20 в.
$2prlib_sh
$3DITM\AF\0000005693
686##$2rubbk
$a63.3(2)53-6(4Гем)ю1
$vLBC/M
686##$a63.3(4Гем)53-6(2)ю1
$vLBC/M
$2rubbk
8564#$uhttp://www.prlib.ru/Lib/pages/item.aspx?itemid=146635
Формат отображения